National Anthem of Liberia - All Hail, Liberia, Hail! - Statistics

General Stats
  • This quiz has been taken 4 times
  • The average score is 93 of 185
Answer Stats
Lyrics % Correct
a
100%
A
100%
All
100%
(All
100%
all
100%
hail,
100%
hail!
100%
hail!)
100%
Liberia,
100%
our
100%
Our
100%
be
75%
In
75%
land
75%
land!
75%
of
75%
Of
75%
the
75%
We
75%
And
50%
and
50%
freedom
50%
God
50%
is
50%
liberty
50%
liberty,
50%
strong
50%
to
50%
united,
50%
above
25%
benighted,
25%
By
25%
cannot
25%
cause
25%
command!
25%
country's
25%
defending
25%
fail!
25%
fame,
25%
foe
25%
gladness
25%
glorious
25%
God's
25%
Grand
25%
hand
25%
happy
25%
heart
25%
hearts
25%
her
25%
home
25%
joy
25%
live
25%
long
25%
Long
25%
meet
25%
mighty
25%
name,
25%
new
25%
o'er
25%
ours.
25%
powers,
25%
prevail,
25%
prove
25%
race
25%
rights
25%
Shall
25%
shout
25%
success
25%
sure
25%
This
25%
Though
25%
union
25%
unpretending.
25%
valor
25%
We'll
25%
will
25%
With
25%
No matching quizzes found
Score Distribution
Percent of People with Each Score
Percentile by Number Answered
Your Score History
You have not taken this quiz